[Event "CHN-chT"]
[Site "Nanjing"]
[Date "2023.02.16"]
[Round "3.3"]
[White "Zhang, Hong"]
[Black "Zhu, Hengyi"]
[Result "1/2-1/2"]
[WhiteElo "2177"]
[BlackElo "2163"]
[PlyCount "64"]
[EventDate "2023.02.14"]
[EventType "team-swiss"]
[EventRounds "9"]
[EventCountry "CHN"]
[SourceTitle "CBM 212 Extra"]
[Source "ChessBase"]
[SourceDate "2023.03.31"]
[SourceVersion "1"]
[SourceVersionDate "2023.03.31"]
[SourceQuality "1"]
[WhiteTeam "Shanghai"]
[BlackTeam "Hangzhou"]
[WhiteTeamCountry "CHN"]
[BlackTeamCountry "CHN"]

1. d4 Nf6 2. Nf3 e6 3. g3 b5 4. Bg2 Bb7 5. 0-0 c5 6. a4 b4 7. Nbd2 a5 8. e4 d5 9. exd5 Bxd5 10. c4 bxc3 11. bxc3 cxd4 12. c4 Bb7 13. Nb3 Bb4 14. Nfxd4 Bxg2 15. Kxg2 Nbd7 16. Nc6 Qc7 17. Nxb4 axb4 18. Qf3 0-0 19. Bb2 Qxc4 20. Rfd1 e5 21. a5 Qe6 22. Rac1 h6 23. Nc5 Nxc5 24. Rxc5 Nh7 25. Rxe5 Qa2 26. Bd4 Ng5 27. Qd5 Qc2 28. Bb6 b3 29. Rd2 Qc1 30. Ree2 Qc8 31. Qd7 Qc4 32. Qd4 Qc8 1/2-1/2

[Event "CHN-chT"]
[Site "Liaocheng"]
[Date "2021.10.23"]
[Round "4.3"]
[White "Chen, Qi B"]
[Black "Zhang, Hong"]
[Result "1-0"]
[WhiteElo "2479"]
[BlackElo "2182"]
[PlyCount "52"]
[EventDate "2021.10.20"]
[EventType "team-swiss"]
[EventRounds "9"]
[EventCountry "CHN"]
[SourceTitle "CBM 204 Extra"]
[Source "ChessBase"]
[SourceDate "2021.11.30"]
[SourceVersion "1"]
[SourceVersionDate "2021.11.30"]
[SourceQuality "1"]
[WhiteTeam "Jiangsu"]
[BlackTeam "Shanghai"]
[WhiteTeamCountry "CHN"]
[BlackTeamCountry "CHN"]

1. e4 d6 2. Nc3 g6 3. d4 Nf6 4. g3 Bg7 5. Bg2 c6 6. Nge2 0-0 7. 0-0 e5 8. a4 a5 9. h3 Na6 10. Be3 Nb4 11. f4 exd4 12. Bxd4 Re8 13. Qd2 d5 14. e5 Nd7 15. g4 Nf8 16. Ng3 Ne6 17. Bf2 Nxc2 18. Qxc2 Nxf4 19. Rae1 Rxe5 20. Nce2 Nxg2 21. Kxg2 d4 22. Bxd4 Qd5+ 23. Kh2 Rxe2+ 24. Qxe2 Bxg4 25. Qxg4 Bxd4 26. Re7 f5 1-0

[Event "CHN-chT"]
[Site "Liaocheng"]
[Date "2021.10.20"]
[Round "1.3"]
[White "Zhang, Hong"]
[Black "Wu, Yixing"]
[Result "1/2-1/2"]
[WhiteElo "2182"]
[BlackElo "1814"]
[PlyCount "72"]
[EventDate "2021.10.20"]
[EventType "team-swiss"]
[EventRounds "9"]
[EventCountry "CHN"]
[SourceTitle "CBM 204 Extra"]
[Source "ChessBase"]
[SourceDate "2021.11.30"]
[SourceVersion "1"]
[SourceVersionDate "2021.11.30"]
[SourceQuality "1"]
[WhiteTeam "Shanghai"]
[BlackTeam "Shenzhen"]
[WhiteTeamCountry "CHN"]
[BlackTeamCountry "CHN"]

1. Nf3 Nf6 2. g3 g6 3. Bg2 Bg7 4. 0-0 0-0 5. d4 d5 6. c4 c6 7. cxd5 cxd5 8. Nc3 Nc6 9. Ne5 Bf5 10. Bg5 Nxe5 11. dxe5 Ne4 12. Bxe4 dxe4 13. Nd5 f6 14. Be3 Be6 15. Nf4 Qxd1 16. Rfxd1 Kf7 17. exf6 exf6 18. Nxe6 Kxe6 19. Rd4 f5 20. Rb4 b6 21. a4 Rab8 22. Rb5 Rfd8 23. a5 Rd5 24. Rb4 Bf8 25. Rb3 Bc5 26. Bf4 Rbd8 27. Kg2 Rd1 28. Rxd1 Rxd1 29. axb6 Bxb6 30. Be3 Bxe3 31. fxe3 h5 32. Ra3 Rd2 33. Ra6+ Kf7 34. Rxa7+ Kf6 35. Ra6+ Kg7 36. Kf2 Rxb2 1/2-1/2

[Event "CHN-ch Prelim rap 1st"]
[Site "Hefei"]
[Date "2011.07.05"]
[Round "7"]
[White "Zhang, Hong"]
[Black "Wan, Yunguo"]
[Result "0-1"]
[WhiteElo "2054"]
[BlackElo "2462"]
[PlyCount "78"]
[EventDate "2011.07.03"]
[EventType "swiss (rapid)"]
[EventRounds "9"]
[EventCountry "CHN"]
[SourceTitle "CBM 143 Extra"]
[Source "ChessBase"]
[SourceDate "2011.08.29"]
[SourceVersion "1"]
[SourceVersionDate "2011.08.29"]
[SourceQuality "1"]

1. d4 Nf6 2. c4 g6 3. Nc3 Bg7 4. e4 d6 5. Nf3 0-0 6. Be2 e5 7. 0-0 Nc6 8. d5 Ne7 9. Ne1 Nd7 10. Nd3 f5 11. Bd2 Nf6 12. f3 Kh8 13. g4 c6 14. Be3 b5 15. dxc6 bxc4 16. Nb4 a5 17. Nbd5 Nxc6 18. Bb6 Qd7 19. gxf5 gxf5 20. Bxc4 Rb8 21. Kh1 Nh5 22. Bb5 Bb7 23. Bg1 f4 24. Qe1 Qh3 25. Ne2 Nb4 26. Nxb4 axb4 27. Bd3 d5 28. Ba7 Ra8 29. Ng1 Qe6 30. Bc5 Rfc8 31. Bxb4 Nf6 32. Bc3 dxe4 33. fxe4 Ra4 34. Nf3 Nxe4 35. Qh4 h6 36. Bxe4 Rxe4 37. Kg1 Re3 38. Nxe5 Bxe5 39. Qxf4 Rexc3 0-1

[Event "CHN-ch Prelim rap 1st"]
[Site "Hefei"]
[Date "2011.07.04"]
[Round "6"]
[White "Fang, Yan"]
[Black "Zhang, Hong"]
[Result "0-1"]
[WhiteElo "2265"]
[BlackElo "2054"]
[PlyCount "58"]
[EventDate "2011.07.03"]
[EventType "swiss (rapid)"]
[EventRounds "9"]
[EventCountry "CHN"]
[SourceTitle "CBM 143 Extra"]
[Source "ChessBase"]
[SourceDate "2011.08.29"]
[SourceVersion "1"]
[SourceVersionDate "2011.08.29"]
[SourceQuality "1"]

1. e4 c5 2. Nf3 Nc6 3. d4 cxd4 4. Nxd4 Nf6 5. Nc3 d6 6. Bc4 e6 7. Be3 Be7 8. Qe2 a6 9. 0-0-0 Qc7 10. Bb3 0-0 11. Rhg1 b5 12. g4 b4 13. Nxc6 Qxc6 14. Nd5 exd5 15. g5 Nxe4 16. Bxd5 Qa4 17. Bxa8 Nc3 18. Qf3 Nxd1 19. Rxd1 Qxa2 20. Rd3 Qa1+ 21. Kd2 Qxb2 22. Bd5 Qe5 23. Qg3 Qxg3 24. hxg3 Be6 25. Bf4 a5 26. Kc1 Rc8 27. Kb2 Bf5 28. Rd2 a4 29. f3 h6 0-1

[Event "CHN-ch Prelim rap 1st"]
[Site "Hefei"]
[Date "2011.07.03"]
[Round "3"]
[White "Wang, Chen"]
[Black "Zhang, Hong"]
[Result "1-0"]
[WhiteElo "2449"]
[BlackElo "2054"]
[PlyCount "127"]
[EventDate "2011.07.03"]
[EventType "swiss (rapid)"]
[EventRounds "9"]
[EventCountry "CHN"]
[SourceTitle "CBM 143 Extra"]
[Source "ChessBase"]
[SourceDate "2011.08.29"]
[SourceVersion "1"]
[SourceVersionDate "2011.08.29"]
[SourceQuality "1"]

1. e4 c5 2. Nf3 d6 3. Bb5+ Bd7 4. Bxd7+ Qxd7 5. 0-0 Nc6 6. c3 Nf6 7. d4 cxd4 8. cxd4 d5 9. e5 Ne4 10. Ne1 h6 11. f3 Ng5 12. Nc3 e6 13. Be3 Be7 14. Qd3 Rd8 15. Rd1 Nh7 16. f4 0-0 17. Nf3 f5 18. exf6 Bxf6 19. h3 Be7 20. g4 Bd6 21. Ne2 Bb8 22. Nh4 Nf6 23. Ng6 Rf7 24. Ng3 Nh7 25. Kg2 Nf8 26. Nh4 Qe7 27. g5 hxg5 28. fxg5 Qd6 29. Bf2 e5 30. Ngf5 Qe6 31. dxe5 Nxe5 32. Qb1 Neg6 33. Rde1 Qa6 34. Bd4 Nxh4+ 35. Nxh4 Rxf1 36. Rxf1 Qe2+ 37. Rf2 Qe4+ 38. Qxe4 dxe4 39. Nf5 Ne6 40. Be3 Kh7 41. h4 Kg6 42. Ne7+ Kh5 43. Rf7 Rd3 44. Kf2 Kg4 45. Ng6 Bg3+ 46. Ke2 Kh5 47. Re7 Rd6 48. Nh8 Bxh4 49. Nf7 Ra6 50. Rxb7 Rxa2 51. Kd1 a6 52. Re7 Kg6 53. Rxe6+ Kxf7 54. Rxe4 Bg3 55. Kc2 Ra5 56. Bd2 Rc5+ 57. Kd3 Be5 58. Rb4 Rd5+ 59. Ke2 a5 60. Rb6 a4 61. g6+ Ke7 62. Bb4+ Kd7 63. Bf8 Rd6 64. Bxd6 1-0